000 00965nam a2200301 i 4500
003 EG-GICUC
005 20260228091138.0
008 260228s1981 us ||||fr|||| 00| 0 eng d
020 _a0231051808
040 _aEG-GiCUC
_beng
_cEG-GiCUC
_dEG-GiCUC
_eRda
082 0 4 _221
_a341.48
_bIN
092 0 4 _221
099 _aLaw1 11 341.48 IN 1981
245 1 4 _aThe International Bill of Rights :
_b The Covenant on Civil and Political Rights /
_cLouis Henkin.
_n
264 3 _aNew York :
_bColumbia University Press,
_c1981.
300 _a523page :
_billustration ;
_c 24 cm.
336 _2rda contenu
_a texte
337 _2rda medias
_aOrdinateur
338 _2 transporteur rda
_a Ressource en ligne
504 _a
546 _aText in English
650 1 4 _aPublic international law
_2
651 1 _2
700 _aHenkin, Louis
_eeditor.
856 4 0 _uhttps://fll.law.cu.edu.eg/fulltext/bks/B11-09183.pdf
905 _a50
942 _2ddc
_cBK
_e21
_n0
999 _c64339
_d64339